000 00442nam a2200181Ia 4500
001 3062
005 20260306144853.0
008 260306t2011||||xx |||||||||||||| ||spa||
041 _aESP
082 _a248.4
_bP644
100 _aPhilippe, Jacques
_eAUT
245 0 _aLa libertad interior:
_bla fuerza de la fe, de la esperanza y del amor
260 _c2011
300 _a
_c
650 _aGEN
654 _aCHU
942 _cLIB
_dJUS
_fJUS
_2ddc
_n
999 _c3062
_d3062